000 00686nam a2200169Ia 4500
999 _c43356
_d43356
003 GCL
005 20240530103914.0
008 140319s9999 xx 000 0 ara d
040 _aGCL /
_cGCL
082 0 4 _a511.2
_bأ م
100 1 _aابراهيم رياض غبريال
245 1 0 _aمبادئ الرياضيات الاقتصادية :
_bالجبر والبرمجة الخطية : الرياضيات المالية : نظرية الاحتمالات : حساب التفاصيل والتكامل /
_cابراهيم رياض غبريال
260 _aالقاهرة :
_bالجامعة المفتوحة ،
_c1995
300 _a667
490 _aتعلم نفسك
_v0
942 _2ddc
_cBK